• 首页
  • 本馆介绍
  • 公告通知
  • 最新文献
  • 馆藏检索
  • 电子资源
  • 读者导购
  • 参考咨询
  • 我的图书馆
  • 登录
  • 详细信息显示
  • 放入我的书架
  • 预约/预借图书
  • 作者相关作品
  • 分类相关作品
  • 丛书相关作品
  • 出版社相关作品

书目信息

  • 表格格式
  • 工作单格式
  • 卡片格式
书名: Engineering mechanics
作者: Robert W. Soutas-Little, Daniel J. Inman
分册号:
分册名: Statics /
出版地: Upper Saddle River, N.J. :
 
出版社: Prentice Hall
出版时间: c1999.
页数: xii, 564 p. :
开本: 27 cm.
丛书名:
中图分类号:
科图分类号:
其他分类号: TB121
主题词:
电子资源:
000 00998nam 2200313 a 4500
001 E0731174857
003 OCoLC
005 20070425084101.70
008 980414s1999 njua 001 0 eng
008 uu
010    @a98018729
015    @aGB98-74690
020    @a0137690010.
040    @aDLC @cDLC @dC#P @dUKM
049    @aN5LA
050 00 @aTA351 @b.S58 1999
082 00 @a620.1/03 @221
090    @aTB121
099    @dTB121@ex6
100 2  @aSoutas-Little, Robert W.
245 10 @aEngineering mechanics.@pStatics / @cRobert W. Soutas-Little, Daniel J. Inman
246 30 @aStatics
260    @aUpper Saddle River, N.J. :@bPrentice Hall,@cc1999.
300    @axii, 564 p. :@bill. ;@c27 cm.
500    @aIncludes index.
650  4 @aStatics.
650  0 @aStatics.
700 1  @aInman, D. J., @ejt. auth. @b00 @c20020930 @lNLC09 @h2254 @lNLC09 @h0029 @lNLC09 @h2025 @b01 @c20030922 @lNLC09 @h1311 @b01 @c20030922 @lNLC09 @h1311
852 9  @bWWJC @k2-99 @hTB121 @iS72
    
    Engineering mechanics.. Statics / / Robert W. Soutas-Little, Daniel J. Inman.-Upper Saddle River, N.J. : : Prentice Hall, , c1999.
    xii, 564 p. : : ill. ; ; 27 cm.
    Includes index.
    
    ISBN 0137690010.
    
●
相关链接 在E读中查询图书 在五车中查询图书 在当当中查询图书 在豆瓣中查询图书


正题名:Engineering mechanics     索取号:TB121/x6         预约/预借

序号 登录号 条形码 馆藏地/架位号 状态 备注
1 5496   300054964   第二样本阅览室/ [索取号:TB121/x6] 在馆    
2 5497   300054973   第四借阅区/ [索取号:TB121/x6] 在馆    
3 5498   300054982   第四借阅区/ [索取号:TB121/x6] 在馆    
4 5499   300054991   密集书库/ [索取号:TB121/x6] 在馆    
5 5500   300055008   密集书库/ [索取号:TB121/x6] 在馆    
唐山师范学院图书馆 欢迎您!
大连网信软件有限公司© 版权所有